000 01605nam0a22003011 4500
001 rc\3947009
005 20130415114736.4
021 _aRU
_b[50-40465]
035 _a(NLR Aleph) 007922076
090 _a8164335
_c8164335
100 _a20130415d1950 |||y0rusy50 ca
101 1 _arus
_caze
102 _aRU
105 _ay z |||||
200 1 _aИзбранные произведения
_f[Пер. с азерб. А. Шариф
_gПод ред. Л.А. Юдкевича
_gВступ. статья Ф. Касумзаде]
_gАкад. наук Азерб. ССР. Ин-т литературы им. Низами. [Декада азерб. литературы]
210 _aБаку
_cИзд-во Акад. наук Азерб. ССР
_d1950
_gТип. "Кр. Восток"
215 _a164 с.
_d20
300 _aПеред загл. авт.: Наджаф бек Везиров
327 1 _aСодерж.: Из-под дождя да под ливень: [Комедия в 4 д.] ; Горе Фахреддина: [Драма в 6 д.] ; Герои наших дней: [Комедия в 4 д.]
464 0 _12001#$aИз-под дождя да под ливень$e[Комедия в 4 д.]$aГоре Фахреддина$e[Драма в 6 д.]$aГерои наших дней$e[Комедия в 4 д.]
700 1 _aВезиров
_bН.
_f1854-1926
_gНаджафбек
702 1 _aШариф
_bА.
_4730
702 1 _aЮдкевич
_bЛ. А.
_gЛев Абрамович
_4340
801 0 _aRU
_bNLR
_gpsbo
801 1 _aRU
_bELAR
_2rusmarc
852 _aNLR
_jЛ40 Г-3/697
942 _cBOOK
980 _aNB